Kto je kto v personálnom poradenstve
Informácie o ďalších firmách poskytujúcich personálne poradenstvo slovenským podnikom (nadväzuje na príspevok z č.45/1994, s.1,11 časopisu).
Saved in:
| Main Author: | |
|---|---|
| Format: | Book Chapter |
| Language: | Slovak |
| Subjects: | |
| Tags: |
No Tags, Be the first to tag this record!
|
MARC
| LEADER | 00000naa a2200000 4500 | ||
|---|---|---|---|
| 001 | r024922 | ||
| 005 | 20221213114525.4 | ||
| 041 | 0 | |a slo | |
| 044 | |a SK | ||
| 245 | 1 | 0 | |a Kto je kto v personálnom poradenstve |c J. Matyáš |
| 520 | |a Informácie o ďalších firmách poskytujúcich personálne poradenstvo slovenským podnikom (nadväzuje na príspevok z č.45/1994, s.1,11 časopisu). | ||
| 610 | 2 | 0 | |a personalistika |
| 610 | 2 | 0 | |a poradenstvo |
| 610 | 2 | 0 | |a výber pracovníkov |
| 610 | 2 | 0 | |a manažéri |
| 610 | 2 | 0 | |a nábor pracovníkov |
| 610 | 2 | 0 | |a firmy |
| 610 | 2 | 0 | |a Slovensko |
| 610 | 2 | 0 | |a ICT Internationals Consultants |
| 610 | 2 | 0 | |a ICT Istroconti |
| 610 | 2 | 0 | |a Wilhelm et Partner Bratislava |
| 610 | 2 | 0 | |a Dr. Ostertag Personnel management group |
| 610 | 2 | 0 | |a Hill International |
| 610 | 2 | 0 | |a Utar-TC |
| 610 | 2 | 0 | |a P+P Management-Impulse |
| 610 | 2 | 0 | |a Appel Info Work, s.r.o. Bratislava |
| 610 | 2 | 0 | |a Consulting Považská Bystrica |
| 610 | 2 | 0 | |a Start Bratislava |
| 100 | 1 | |a Matyáš, J. | |